| 000 | 00000nam##2200000za#4500 |
| 001 | 9.700472 |
| 003 | CaOODSP |
| 005 | 20250506145324 |
| 007 | cr ||||||||||| |
| 008 | 150407|1991||||xxc|||||o f|0| 0 eng|d |
| 040 | |aCaOODSP|beng |
| 043 | |an-cn--- |
| 086 | 1 |aA53-1868/1991E-PDF |
| 110 | 1 |aCanada.|bAgriculture Canada. |
| 245 | 10|aSoil landscapes of Canada : |h[electronic resource]|bprocedures manual and user's handbook / |c[by] J.A. Shields ... [et al.] |
| 260 | |aOttawa - Ontario : |bAgriculture Canada |c1991. |
| 300 | |a76p.|bfigs., references |
| 500 | |aHistorical publication digitized by Agriculture and Agri-Food Canada. |
| 590 | |a15-05-Supp|b2015-03-31 |
| 720 | 1 |aShields, J. A. |
| 775 | 08|tPédo-paysages du Canada : |w(CaOODSP)9.644356 |
| 776 | 0#|tSoil landscapes of Canada : |w(CaOODSP)9.644404 |
| 856 | 40|ahttp://publications.gc.ca|qPDF|s3953 KB|uhttps://publications.gc.ca/collections/collection_2015/aac-aafc/A53-1868-1991-eng.pdf |
| 986 | |aLand Resource Research Institute. Contribution, 88-29; Publication 1868/E |